Europas Länder Satellitenbilder - Statistiken

Allgemein
  • Dieses Quiz wurde 90 mal gespielt
  • Das Durchschnittsergebnis liegt bei 14 aus 16
Antwortstatistiken
Bildquiz Antwort % Korrekt
Island
100%
Norwegen
100%
Deutschland
99%
Portugal
99%
Griechenland
97%
Spanien
93%
Frankreich
92%
Schweiz
88%
Österreich
84%
Polen
82%
Niederlande
81%
Finnland
73%
Ukraine
73%
Belgien
71%
Estland
71%
Bulgarien
68%
Keine übereinstimmenden Quizze gefunden
Verteilung der Resultate
Anzahl Personen mit jedem Resultat
Perzentil nach korrekt beantworteten Fragen
Ihre Resultats-Entwicklung
Sie haben dieses Quiz noch nicht gespielt